Les personnages de Fast & Furious 8 - Statistiques

Statistiques générales
  • Ce quiz a été pris 35 fois
  • Le résultat moyen est 9 sur 18
Statistiques - réponses
Hint Réponse % Correct
Il trahit son équipe lors d'une mission en Allemagne pour s'allier avec 15, qui tient en otage 11 et 18. Il a pour mission de dérober les codes nucléaires au ministre de la défense russe à New York. Il met en place un plan avec 17 pour se sortir du traquenard dans lequel il est. Dom
100%
8e personne la plus recherchée du monde. Elle est épargnée par 1 à New York. Letty
80%
Il est la 11e personne la plus recherchée dans le monde après l'échec de la mission en Allemagne. Dans le garage de l'Agence, il choisit une Lamborghini Murcielago orange qui sera détruite lors de la course sur sur la glace en Russie. Roman
80%
9e personne la plus recherchée du monde, il utilise un véhicule militaire en Russie. Tej
76%
Emprisonné à la fin du film précédent, il doit s'allier avec l'équipe sous la pression de 9, suite à la rébellion de 1. Apparemment tué par 1 à New York, sa mort fait partie du plan élaboré par 16. Il récupère le fils de 1 avec 8. Deckard Shaw
72%
Emprisonné après l'échec de la mission en Allemagne, il en sort mais doit se racheter. Pour cela, il doit faire équipe avec 7 pour retrouver 1. Hobbs
68%
S'introduit dans l'avion, après avoir eu une mauvaise expérience lors du 6e film. Il y rentre avec 7 pour récupérer le fils de 1. Owen Shaw
68%
Mère de 7 et 8, elle fait un plan avec 1 pour qu'il puisse sortir du piège dans lequel il se trouve. Magdalene Shaw
64%
Hackeuse qui est classée 10e personne la plus recherchée dans le monde. Ramsey
60%
Retenue en otage à borde de l'avion, elle est assassinée par 16 de sang froid. Elena
56%
Cyber-terroriste qui veut la destruction du monde. Elle fait chanter 1, qui s'allie avec car elle détient 11 et 18. Elle ordonne à 1 de voler les codes nucléaires au ministre de la défense russe afin de faire chanter les puissances à la guerre nucléaire. Cipher
48%
Agent du gouvernement américain, qui réunit l'équipe pour retrouver 1 et savoir pour quelle raison il les a trahi. M.Personne
32%
Second policier qui récupère 7 dans le fourgon du SWAT. Il fait partie du plan élaboré par 1 et 17. Rico
16%
Fils de 1 et 11, qui est pris en otage dans l'avion par 15, puis est libéré par 7. Brian Marcos
12%
Se fait passer pour un policier qui récupère 7 dans le fourgon du SWAT. Il fait également partie du plan Tego
12%
Bras droit de 15, qui essaie de tuer 2 à New York, mais qui en est dissuadé par 1. Il abat 11 après la mission à New York. Il finit tué par 1 en Russie. Connor Rhodes
4%
Apprenti de 9, surnommé Petit Personne par 3. Eric Reisner
4%
Fait la course contre 1 au début du film, puis fait partie du plan en l'aidant à rencontrer 17 à New York. Raldo
0%
Aucun quiz correspondant
Distribution des résultats
% des personnes avec chaque résultat
Percentile par nombre de réponses
Votre historique - résultats
Vous n’avez pas pris ce quiz